[Event "TUN-ch Subsidiaire"]
[Site "Hammamet"]
[Date "2020.09.29"]
[Round "3"]
[White "Boulaares, Adam"]
[Black "Ferjaoui, Khaled"]
[Result "1/2-1/2"]
[WhiteElo "1861"]
[BlackElo "1671"]
[PlyCount "118"]
[EventDate "2020.09.28"]
[EventType "swiss"]
[EventRounds "9"]
[EventCountry "TUN"]
[SourceTitle "CBM 198 Extra"]
[Source "ChessBase"]
[SourceDate "2020.11.30"]
[SourceVersion "1"]
[SourceVersionDate "2020.11.30"]
[SourceQuality "1"]

1. e4 c6 2. d4 d5 3. exd5 cxd5 4. c4 Nf6 5. Nc3 Nc6 6. Be3 g6 7. Qb3 Na5 8. Qd1 Bg7 9. b3 0-0 10. Bd3 Nc6 11. Nge2 e5 12. Qd2 exd4 13. Nxd4 Nxd4 14. Bxd4 Re8+ 15. Kf1 dxc4 16. Bxc4 Ne4 17. Qf4 Nd2+ 18. Qxd2 Qxd4 19. Qxd4 Bxd4 20. Rc1 Bxc3 21. Rxc3 Be6 22. Bd3 Rac8 23. Rxc8 Bxc8 24. h4 h6 25. f3 Re3 26. Be4 Rc3 27. Ke2 Kg7 28. Kd2 Rc5 29. Re1 f5 30. Bxb7 Kf6 31. Bxc8 Rxc8 32. Re2 a5 33. Kd3 a4 34. b4 a3 35. Kd4 Rc1 36. Re3 Rb1 37. Kc4 Rb2 38. Rxa3 Rxg2 39. b5 g5 40. hxg5+ hxg5 41. b6 Rc2+ 42. Kd3 Rc8 43. b7 Rb8 44. Rb3 g4 45. fxg4 fxg4 46. Ke2 Ke6 47. a4 Kd6 48. a5 Kc7 49. a6 Re8+ 50. Kf2 Kb8 51. Kg3 Rg8 52. Rc3 Rd8 53. Kxg4 Rf8 54. Rc5 Rd8 55. Kf5 Rh8 56. Ke4 Rh4+ 57. Kd5 Rh5+ 58. Kc6 Rh6+ 59. Kb5 Rb6+ 1/2-1/2

[Event "TUN-chTB"]
[Site "Hammamet"]
[Date "2019.03.17"]
[Round "8.2"]
[White "Ferjaoui, Khaled"]
[Black "El Kout, Youssef"]
[Result "1-0"]
[WhiteElo "1732"]
[BlackElo "1569"]
[PlyCount "68"]
[EventDate "2019.02.09"]
[EventType "team-tourn"]
[EventRounds "11"]
[EventCountry "TUN"]
[SourceTitle "EXT 2021"]
[Source "ChessBase"]
[SourceDate "2020.10.23"]
[SourceVersion "1"]
[SourceVersionDate "2020.10.23"]
[SourceQuality "1"]

1. d4 Nf6 2. g3 c6 3. c4 d5 4. Qc2 dxc4 5. Nf3 e6 6. Qxc4 Qd5 7. Qc2 Be7 8. Bg2 Qd8 9. 0-0 0-0 10. Nc3 Nbd7 11. Re1 Re8 12. Ne4 Nf8 13. h3 a6 14. e3 Qc7 15. Ne5 Rd8 16. Bd2 Nxe4 17. Bxe4 g6 18. Qa4 Bd7 19. Rac1 Rdc8 20. Ba5 Qb8 21. Bb6 Be8 22. Qa5 f6 23. Nd3 Nd7 24. Nc5 Kf7 25. Nxd7 Bxd7 26. Bc5 Bd6 27. Kg2 Bc7 28. Qc3 a5 29. Ba3 Bd6 30. Bc5 b5 31. b3 b4 32. Qd3 a4 33. Rc2 axb3 34. axb3 Ra3 1-0

[Event "World Amateur-ch U2000"]
[Site "Cagliari"]
[Date "2018.04.27"]
[Round "7"]
[White "Mallo, Danilo"]
[Black "Ferjaoui, Khaled"]
[Result "1/2-1/2"]
[WhiteElo "1858"]
[BlackElo "1776"]
[PlyCount "113"]
[EventDate "2018.04.22"]
[EventType "swiss"]
[EventRounds "9"]
[EventCountry "ITA"]
[SourceTitle "CBM 184 Extra"]
[Source "ChessBase"]
[SourceDate "2018.06.28"]
[SourceVersion "1"]
[SourceVersionDate "2018.06.28"]
[SourceQuality "1"]

1. d4 Nf6 2. Nf3 g6 3. c4 Bg7 4. Nc3 d5 5. g3 0-0 6. cxd5 Nxd5 7. Bg2 Nxc3 8. bxc3 c5 9. 0-0 Qa5 10. Qb3 Nc6 11. Rd1 Rd8 12. Bb2 h6 13. Rd2 Qc7 14. dxc5 Be6 15. Qb5 Rxd2 16. Nxd2 Rd8 17. Nf3 Na5 18. Nd4 Bc4 19. Qb4 Ba6 20. Nb5 Bxb5 21. Qxb5 Rc8 22. Ba3 Bxc3 23. Rb1 Bf6 24. Rd1 Nc6 25. e3 Rd8 26. Qb3 Rxd1+ 27. Qxd1 Qa5 28. Qb3 Qc7 29. Bd5 e6 30. Bg2 Kf8 31. Kf1 Ke7 32. f4 h5 33. Kf2 Qd7 34. Ke2 e5 35. Bd5 Ke8 36. Bb2 Qe7 37. Bxc6+ bxc6 38. Qb8+ Qd8 39. Bxe5 Qxb8 40. Bxb8 a6 41. e4 Bd4 42. Bd6 Kd7 43. h3 Ke6 44. Kd3 Bf2 45. Kc4 f5 46. Kd3 Bxg3 47. Ke3 Be1 48. Bf8 fxe4 49. Kxe4 Bb4 50. Bd6 Ba3 51. Bf8 Bb4 52. Bd6 Bc3 53. Bb8 Bb4 54. Bd6 a5 55. a4 Ba3 56. Bc7 Bb4 57. Bd6 1/2-1/2

[Event "Tunis Ariana op"]
[Site "Tunis"]
[Date "2017.04.30"]
[Round "7"]
[White "Zenaidi, Kais"]
[Black "Ferjaoui, Khaled"]
[Result "0-1"]
[WhiteElo "1873"]
[BlackElo "1773"]
[PlyCount "64"]
[EventDate "2017.04.25"]
[EventType "swiss"]
[EventRounds "9"]
[EventCountry "TUN"]
[SourceTitle "CBM 178 Extra"]
[Source "ChessBase"]
[SourceDate "2017.06.22"]
[SourceVersion "1"]
[SourceVersionDate "2017.06.22"]
[SourceQuality "1"]

1. e4 c6 2. d4 d5 3. f3 dxe4 4. fxe4 e5 5. Nf3 exd4 6. Bc4 Be6 7. Bxe6 fxe6 8. 0-0 Nd7 9. Ng5 Ngf6 10. Nxe6 Qb6 11. Kh1 c5 12. Nf4 Bd6 13. Na3 0-0 14. Nc4 Qc6 15. Nxd6 Qxd6 16. Qd3 Rae8 17. Re1 Qc6 18. Bd2 Nxe4 19. Re2 Nxd2 20. Qxd2 Rxe2 21. Nxe2 Rf2 22. Rg1 Qe4 23. Ng3 Rxd2 24. Nxe4 Rxc2 25. Rb1 Nf6 26. Nxf6+ gxf6 27. h3 d3 28. Rd1 d2 29. Kh2 Rxb2 30. Kg3 c4 31. Kf2 c3 32. Ke2 c2 0-1

[Event "Hammamet Carthage op 1st"]
[Site "Hammamet"]
[Date "2015.10.11"]
[Round "9"]
[White "Hergli, Amir"]
[Black "Ferjaoui, Khaled"]
[Result "1-0"]
[WhiteElo "2076"]
[BlackElo "1759"]
[PlyCount "97"]
[EventDate "2015.10.04"]
[EventType "swiss"]
[EventRounds "9"]
[EventCountry "TUN"]
[SourceTitle "CBM 168 Extra"]
[Source "ChessBase"]
[SourceDate "2015.10.29"]
[SourceVersion "1"]
[SourceVersionDate "2015.10.29"]
[SourceQuality "1"]

1. Nf3 Nf6 2. g3 g6 3. Bg2 Bg7 4. 0-0 0-0 5. d3 d6 6. e4 e5 7. Nbd2 Nc6 8. Nc4 Bd7 9. Bg5 Qc8 10. Re1 Bh3 11. Bh1 h6 12. Bd2 Kh7 13. b4 b5 14. Ne3 a5 15. bxa5 Nxa5 16. a4 bxa4 17. Rxa4 Nc6 18. Rxa8 Qxa8 19. Nh4 Bd7 20. g4 Qd8 21. Nhg2 Nd4 22. f4 exf4 23. Nxf4 Nc6 24. Bg2 Ne5 25. h3 Nc6 26. Rf1 Qb8 27. Qe1 Nd4 28. Kh1 Ba4 29. Qa1 Qa7 30. Qa2 Nd7 31. Nfd5 Ne6 32. c3 Nb6 33. Ra1 Ra8 34. e5 Bxe5 35. Nxb6 cxb6 36. Qd5 Rc8 37. Nc4 Rc5 38. Qf3 Rxc4 39. dxc4 Qd7 40. Qf2 Nc5 41. Rf1 Kg7 42. Qe3 g5 43. Bd5 Bc6 44. Qf3 Bxd5 45. cxd5 f6 46. c4 Qa4 47. Bc3 Qxc4 48. Bxe5 dxe5 49. Qxf6+ 1-0